Loading...
Painting/Sculpture | 0 | 5 | 0 | 0 | 50 | 86 | 92.60 | 0 | 2 |
Literature - World Literature | 0 | 4 | 0 | 1 | 40 | 70 | 90.25 | 1 | 3 |
Geography | 0 | 3 | 0 | 0 | 30 | 33 | 60.33 | 0 | 2 |
History - American History | 0 | 2 | 0 | 0 | 20 | 35 | 37.00 | 0 | 2 |
Literature - European Literature | 0 | 2 | 0 | 0 | 20 | 115 | 120.00 | 0 | 1 |
Literature - British Literature | 0 | 2 | 1 | 0 | 15 | 112 | 114.50 | 1 | 1 |
Science - Other Science | 0 | 1 | 0 | 0 | 10 | 55 | 55.00 | 1 | 1 |
Literature - American Literature | 0 | 1 | 0 | 0 | 10 | 90 | 90.00 | 0 | 1 |
Religion | 0 | 1 | 0 | 1 | 10 | 113 | 113.00 | 0 | 0 |
Fine Arts - Other Fine Arts | 0 | 1 | 0 | 0 | 10 | 37 | 37.00 | 0 | 1 |